ভারতদূত রাবীন্দ্রনাথ / (Record no. 40124)
[ view plain ]
| 000 -LEADER | |
|---|---|
| fixed length control field | 00992nam a2200229 a 4500 |
| 001 - CONTROL NUMBER | |
| control field | 40124 |
| 003 - CONTROL NUMBER IDENTIFIER | |
| rucl marc code | BD-RjUL |
| 005 - DATE AND TIME OF LATEST TRANSACTION | |
| control field | 20211209053136.0 |
| 008 - FIXED-LENGTH DATA ELEMENTS--GENERAL INFORMATION | |
| fixed length control field | 160423s1972 ii a|||| |||| 00| 0 ben d |
| 020 ## - INTERNATIONAL STANDARD BOOK NUMBER | |
| Terms of availability | : IRs 4.75 |
| 035 ## - SYSTEM CONTROL NUMBER | |
| System control number | (BD-RjUL) 40239 |
| 040 ## - CATALOGING SOURCE | |
| Original cataloging agency | BD-RjUL |
| Language of cataloging | ben |
| Transcribing agency | BD-RjUL |
| 041 ## - LANGUAGE CODE | |
| Language code of text/sound track or separate title | ben |
| 082 ## - DEWEY DECIMAL CLASSIFICATION NUMBER | |
| Edition number | 23 |
| Classification number | 891.4414 |
| Author mark and year | BAV 1972 |
| 100 ## - MAIN ENTRY--PERSONAL NAME | |
| Personal name | বান্দোপাধ্যায়, হিরণ্ময় |
| 9 (RLIN) | 123552 |
| 245 10 - TITLE STATEMENT | |
| Title | ভারতদূত রাবীন্দ্রনাথ / |
| Statement of responsibility, etc. | হিরণ্ময়, বান্দোপাধ্যায় |
| 260 ## - PUBLICATION, DISTRIBUTION, ETC. (IMPRINT) | |
| Place of publication, distribution, etc. | কলিকাতা : |
| Name of publisher, distributor, etc. | রবীন্দ্রভারতী বিশ্ববিদ্যালয়, |
| Date of publication, distribution, etc. | ১৯৭২ |
| 300 ## - PHYSICAL DESCRIPTION | |
| Pagination | [১৪], ১৫১ পৃ. : |
| Illustrations | চিত্র ; |
| Size | ২১ সেমি |
| 600 ## - SUBJECT ADDED ENTRY--PERSONAL NAME | |
| Personal name | ঠাকুর, রবীন্দ্রনাথ |
| Dates associated with a name | ১৮৬১-১৯৪১ |
| Personal name | Tagore, Robindronath |
| Dates associated with a name | 1861-1941 |
| 942 ## - ADDED ENTRY ELEMENTS (KOHA) | |
| Source of classification or shelving scheme | Dewey Decimal Classification |
| Koha item type | Books |
| Lost status | Source of classification or shelving scheme | Damaged status | Not for loan | Collection code | Permanent Location | Current Location | Shelving location | Date acquired | Source of acquisition | Total Checkouts | Full call number | Date last seen | Copy number | Koha item type |
|---|---|---|---|---|---|---|---|---|---|---|---|---|---|---|
| Dewey Decimal Classification | Non-fiction | Central Library, University of Rajshahi | Central Library, University of Rajshahi | 24/04/1973 | Varotiyo Sorkar Kortik Prodotto | B 891.4414 BAV 1972 | 23/04/2016 | C-2 | Books |